00417nam a2200181Ia 4500008004100000020001800041050001400059100001400073245002400087245001700111260001500128260002200143260000900165300001500174300002700189300001100216500000800227170918s9999 xx 000 0 und d a9780531209301 bM298 2012 aMara, Wil aTyrannosaurus rex / cby Wil Mara. aNew York : bChildren's Press, c2012 a32 pages : bcolored illustration ; c18cm.  a240